Matemática ... ¿estás ahí? : episodio 100 /
Guardado en:
| Autor Principal: | |
|---|---|
| Formato: | Libro |
| Publicado: |
Buenos Aires :
Siglo veintiuno,
2008
|
| Series: | Colección Ciencia que ladra / dirigida por Diego Golombek
|
| Materias: | |
| Etiquetas: |
Agregar Etiqueta
Sin Etiquetas, Sea el primero en etiquetar este registro!
|
| LEADER | 00655nam a22002055a 4500 | ||
|---|---|---|---|
| 001 | CEM.cems013071 | ||
| 005 | 20081112122530.0 | ||
| 008 | 130507s2008##################000#0#####d | ||
| 003 | CEMS | ||
| 020 | |a 9789876290654 | ||
| 082 | 0 | 4 | |a 510.7 |
| 100 | 1 | |a Paenza, Adrián | |
| 245 | 1 | 0 | |a Matemática ... ¿estás ahí? : |b episodio 100 / |c Adrián Paenza |
| 260 | |a Buenos Aires : |b Siglo veintiuno, |c 2008 | ||
| 300 | |a 256 p. | ||
| 490 | 0 | |a Colección Ciencia que ladra / dirigida por Diego Golombek | |
| 653 | |a Matemática | ||
| 653 | |a Matemática-curiosidades | ||
| 653 | |a Matemática-enseñanza | ||
| 859 | |a CEMS |b BIB. CEMS - 11 de abril |h 510.7 |i P137-3 |p 25492.08 |t Ej.1 | ||
